Basic Engineering Chemistry/ (Record no. 608703)
[ view plain ]
| 000 -LEADER | |
|---|---|
| fixed length control field | 00344nam a22001457a 4500 |
| 040 ## - CATALOGING SOURCE | |
| Transcribing agency | NUST |
| 082 ## - DEWEY DECIMAL CLASSIFICATION NUMBER | |
| Classification number | 660 |
| Author Mark | DAR |
| 100 ## - MAIN ENTRY--PERSONAL NAME | |
| Personal name | Dr. S.S. Dara |
| 9 (RLIN) | 122166 |
| 245 ## - TITLE STATEMENT | |
| Title | Basic Engineering Chemistry/ |
| Statement of responsibility, etc. | Dr. S.S. Dara |
| 250 ## - EDITION STATEMENT | |
| Edition statement | Revised Edition |
| 260 ## - PUBLICATION, DISTRIBUTION, ETC. | |
| Place of publication, distribution, etc. | New Delhi : |
| Name of publisher, distributor, etc. | S.Chand; |
| Date of publication, distribution, etc. | 2004. |
| 300 ## - PHYSICAL DESCRIPTION | |
| Extent | 280p. |
| 500 ## - GENERAL NOTE | |
| General note | HB |
| 942 ## - ADDED ENTRY ELEMENTS (KOHA) | |
| Source of classification or shelving scheme | |
| Koha item type | Book |
| Withdrawn status | Lost status | Source of classification or shelving scheme | Damaged status | Not for loan | Permanent Location | Current Location | Shelving location | Date acquired | Total Checkouts | Full call number | Barcode | Date last seen | Price effective from | Koha item type |
|---|---|---|---|---|---|---|---|---|---|---|---|---|---|---|
| School of Mechanical & Manufacturing Engineering (SMME) | School of Mechanical & Manufacturing Engineering (SMME) | Aerospace Engineering | 03/19/2024 | 660 DAR | SMME-4565 | 03/19/2024 | 03/19/2024 | Book | ||||||
| School of Mechanical & Manufacturing Engineering (SMME) | School of Mechanical & Manufacturing Engineering (SMME) | Aerospace Engineering | 03/19/2024 | 660 DAR | SMME-4566 | 03/19/2024 | 03/19/2024 | Book | ||||||
| School of Mechanical & Manufacturing Engineering (SMME) | School of Mechanical & Manufacturing Engineering (SMME) | Aerospace Engineering | 03/19/2024 | 660 DAR | SMME-4567 | 03/19/2024 | 03/19/2024 | Book |
